The defence of duffers drift (Record no. 550109)
[ view plain ]
| 000 -LEADER | |
|---|---|
| fixed length control field | 00429nam a22001457a 4500 |
| 082 ## - DEWEY DECIMAL CLASSIFICATION NUMBER | |
| Classification number | 355.42 |
| Author Mark | SWI |
| -- | D |
| 100 ## - MAIN ENTRY--PERSONAL NAME | |
| Personal name | Maj Gen S.E Swinton |
| 9 (RLIN) | 46858 |
| 245 ## - TITLE STATEMENT | |
| Title | The defence of duffers drift |
| Statement of responsibility, etc. | Maj Gen S.E Swinton |
| 260 ## - PUBLICATION, DISTRIBUTION, ETC. | |
| Place of publication, distribution, etc. | Pakistan |
| Name of publisher, distributor, etc. | Services Book Club |
| Date of publication, distribution, etc. | 1986 |
| 300 ## - PHYSICAL DESCRIPTION | |
| Extent | 62 p. |
| Other physical details | ill. |
| Dimensions | 21 cm |
| 526 ## - STUDY PROGRAM INFORMATION NOTE | |
| Program name | 0 |
| Interest level | 0 |
| Reading level | 0 |
| Title point value | 355_420000000000000_SWI |
| 526 ## - STUDY PROGRAM INFORMATION NOTE | |
| Program name | 0 |
| Interest level | 0 |
| Reading level | 0 |
| Title point value | 355_420000000000000_SWI |
| 650 ## - SUBJECT ADDED ENTRY--TOPICAL TERM | |
| Topical term or geographic name entry element | D |
| 9 (RLIN) | 6527 |
| 942 ## - ADDED ENTRY ELEMENTS (KOHA) | |
| Source of classification or shelving scheme | |
| Koha item type | Book |
| Withdrawn status | Lost status | Source of classification or shelving scheme | Damaged status | Not for loan | Permanent Location | Current Location | Date acquired | Total Checkouts | Full call number | Barcode | Date last seen | Price effective from | Koha item type | Date last checked out |
|---|---|---|---|---|---|---|---|---|---|---|---|---|---|---|
| Military College of Engineering (MCE) | Military College of Engineering (MCE) | 10/24/2014 | 355.42 SWI | MCE-34966 | 10/24/2014 | 10/24/2014 | Book | |||||||
| Military College of Engineering (MCE) | Military College of Engineering (MCE) | 11/17/2014 | 1 | 355.42 SWI | MCE-34635 | 08/03/2017 | 11/17/2014 | Book | 06/07/2017 |
